MARC

LEADER 00000nam0a2200000 4500
001 355310
005 20231102010800.0
035 |a (RuTPU)RU\TPU\retro\12569 
090 |a 355310 
100 |a 20200706d1973 km y0rusy50 ca 
101 1 |a rus  |c rus 
102 |a RU 
105 |a a z 001zy 
200 1 |a Модели геологических процессов  |e пер. с англ.  |f У. Крамбейн, М. Кауфмен, Р. Мак-Кеммон  |g пер. Р. И. Когана 
210 |a Москва  |c Мир  |d 1973 
215 |a 152 с.  |c ил. 
320 |a Библиогр.: с. 146-149 
606 1 |a Геология  |x Математические методы  |2 stltpush  |3 (RuTPU)RU\TPU\subj\6103  |9 34062 
610 1 |a геологические процессы 
610 1 |a математическое моделирование 
610 1 |a последовательное моделирование 
610 1 |a вероятностные модели 
610 1 |a дисперсионный анализ 
610 1 |a многомерный анализ 
610 1 |a корреляция 
610 1 |a графическое представление 
610 1 |a дискриминантный анализ 
675 |a 55:51  |v 4 
700 1 |a Крамбейн  |b У. 
701 1 |a Кауфмен  |b М. 
701 1 |a Мак-Кеммон  |b Р. 
702 1 |a Коган  |b Р. И.  |4 730 
801 1 |a RU  |b 63413507  |c 20200706 
801 2 |a RU  |b 63413507  |c 20210205  |g RCR 
942 |c BK